Reálna hodnota v účtovníctve podnikateľov od 1.1. 2016

Analýza problematiky súvisiacej s novým poňatím reálnej hodnoty v právnej úprave účtovníctva SR s účinnosťou od 1.1. 2016 s akcentom na podnikateľské účtovné jednotky. Podrobná charakteristika oceňovacej veličiny reálna hodnota.

Gespeichert in:
Bibliographische Detailangaben
1. Verfasser: Šlosárová, Anna
Format: Buchkapitel
Sprache:Slowakisch
Schlagworte:
Tags: Tag hinzufügen
Keine Tags, Fügen Sie das erste Tag hinzu!

MARC

LEADER 00000naa a2200000 4500
001 0214632
005 20240502073604.8
041 0 |a slo 
044 |a SK 
245 1 0 |a Reálna hodnota v účtovníctve podnikateľov od 1.1. 2016  |c Anna Šlosárová 
520 |a Analýza problematiky súvisiacej s novým poňatím reálnej hodnoty v právnej úprave účtovníctva SR s účinnosťou od 1.1. 2016 s akcentom na podnikateľské účtovné jednotky. Podrobná charakteristika oceňovacej veličiny reálna hodnota. 
610 2 0 |a hodnota reálna 
610 2 0 |a podnikatelia 
610 2 0 |a jednotka účtovná 
610 2 0 |a oceňovanie 
610 2 0 |a pravidlá účtovné 
100 1 |a Šlosárová, Anna